It looks like you're offline.
Open Library logo
additional options menu

MARC Record from Scriblio

Record ID marc_records_scriblio_net/part23.dat:34311643:1058
Source Scriblio
Download Link /show-records/marc_records_scriblio_net/part23.dat:34311643:1058?format=raw

LEADER: 01058nam 2200265 a 4500
001 92198854
003 DLC
005 19921029090820.4
008 920812s1991 sp b 000 0 spa
010 $a 92198854
020 $a8471306956
040 $aDLC$cDLC
043 $ae-sp---
050 00 $aKKT3800$b.C66 1982 t. 13$aKKt4294
245 00 $aPropiedad industrial e intelectual :$blibertad sexual : incendios forestales /$ccomentador por Concepción Carmona Salgado ... [et al.].
260 $aMadrid :$bEditorial Revista de Derecho Privado :$bEditoriales de Derecho Reunidas,$c[1991?]
300 $ax, 390 p. ;$c22 cm.
440 0 $aComentarios a la legislación penal ;$vt. 13
500 $aAt head of title: Revista de derecho público.
504 $aIncludes bibliographical references.
650 0 $aIndustrial property$zSpain$xCriminal provisions.
650 0 $aSex crimes$zSpain.
650 0 $aForest fires$xLaw and legislation$zSpain$xCriminal provisions.
700 20 $aCarmona Salgado, Concha.
730 01 $aRevista de derecho público (Madrid, Spain)